000 01305nam a2200265Ia 4500
999 _c53425
_d53425
001 20468
003 GE_BSU
005 20201227224833.0
008 181216s1987||||ge |||||||||||||| ||geo||
040 _cGE_BSU
041 _ageo
080 _a811.353.1-8(075.3) რ-21
100 _aრამიშვილი, ვალერიან
_91173
245 _aქართული ენა :
_b11-წლიანი სწავლების მე-4 კლასის სახელმძღვ. /
_cვალერიან რამიშვილი, შ. თაბუკაშვილი, თ. ჩერქეზიშვილი ; რედ. გ. ახალაია.
250 _aმე-3 გამოცემა
264 _aთბილისი :
_bგანათლება,
_c1987.
300 _a206 გვ. ;
_c22 სმ.
541 _h50 თ.
653 _a11-წლიანი სწავლების მე-4 კლასის სახელმძღვანელო
653 _aქართული ენა
700 _a თაბუკაშვილი, შ.
_99947
700 _aჩერქეზიშვილი, თ.
_eავტორი
_99925
700 _dახალაია, გ.
_eრედაქტორი
_99826
942 _cBK
_2udc